• 首页
  • 本馆介绍
  • 公告通知
  • 最新文献
  • 馆藏检索
  • 电子资源
  • 读者导购
  • 参考咨询
  • 我的图书馆
  • 登录
  • 详细信息显示
  • 放入我的书架
  • 预约/预借图书
  • 作者相关作品
  • 分类相关作品
  • 丛书相关作品
  • 出版社相关作品

书目信息

  • 表格格式
  • 工作单格式
  • 卡片格式
题名:
诚与真
    
 
作者: 特里林 著 ;刘佳林 译
分册:  
出版信息: 南京   江苏教育出版社  2006
页数: 174页
开本: 22cm
丛书名: 西方现代批评经典译丛
单 册:
中图分类: I0-02
科图分类:
主题词: 文学理论--研究 , 文学理论
电子资源:
ISBN: 7-5343-7844-3
000 01305oam2 2200325 450
001 1231428844
005 20121017160532.56
010    @a7-5343-7844-3@dCNY21.00
100    @a20070226d2006 em y0chiy50 ea
101 1  @achi@ceng
102    @aCN@b320000
105    @ay z 000yy
200 1  @a诚与真@Acheng yu zhen@e诺顿演讲集,1969-1970年@dSincerity and authenticity@ethe Charles Eliot Norton lectures, 1969-1970@f(美)莱昂内尔·特里林(Lionel Trilling)著@g刘佳林译@zeng
210    @a南京@c江苏教育出版社@d2006
215    @a174页@d22cm
225 2  @a西方现代批评经典译丛
225 2  @a凤凰苏教文库
308    @a丛书第一辑
330    @a该书是特里林1970年在担任哈佛大学诺顿诗歌教授时的演讲集,主要围绕历史中的自我之真诚与真实问题展开,某种程度上浓缩了他此前对诸多作家及文学文化现象的研究与思考。
461  0 @12001 @a西方现代批评经典译丛
461  0 @12001 @a凤凰苏教文库
510 1  @aSincerity and authenticity@ethe Charles Eliot Norton lectures, 1969-1970@zeng
517 1  @a诺顿演讲集,1969-1970年@Anuo dun yan jiang ji , 1969-1970 nian
606 0  @a文学理论@x研究
606 0  @a文学理论
690    @aI0-02@v4
701  0 @c(美)@a特里林@Ate li lin@c(Trilling,Lionel@f1905~1975)@4著
702  0 @a刘佳林@Aliu jia lin@4译
801  0 @aCN@bNLC@c20101222
905    @a10447@dI0-02@eJY108
    
    诚与真:诺顿演讲集,1969-1970年=Sincerity and authenticity:the Charles Eliot Norton lectures, 1969-1970/(美)莱昂内尔·特里林(Lionel Trilling)著/刘佳林译.-南京:江苏教育出版社,2006
    174页;22cm.-(西方现代批评经典译丛).-(凤凰苏教文库)
    
    
    ISBN 7-5343-7844-3:CNY21.00
    该书是特里林1970年在担任哈佛大学诺顿诗歌教授时的演讲集,主要围绕历史中的自我之真诚与真实问题展开,某种程度上浓缩了他此前对诸多作家及文学文化现象的研究与思考。
●
相关链接 在E读中查询图书 在五车中查询图书 在当当中查询图书 在豆瓣中查询图书


正题名:诚与真     索取号:I0-02/JY108         预约/预借

序号 登录号 条形码 馆藏地/架位号 状态 备注
1 7803110   278031103   学院路分馆/ [索取号:I0-02/JY108] 在馆    
2 7803538   278035387   学院路分馆/ [索取号:I0-02/JY108] 在馆    
唐山师范学院图书馆 欢迎您!
大连网信软件有限公司© 版权所有